000 00294nam a2200133Ia 4500
008 100328s9999 xx 000 0 und d
082 _b15042
100 _aDell Herman Wouk
245 _aThe City Boy
260 _bDell
630 _aThe City Boy
730 _aThe City Boy
942 _cBOOK
999 _c509913
_d509910